000 00625nam a2200217Ii 4500
003 JO-AjNU
008 230605s9999||||xx |||||||||||||| ||und||
017 _a1975/2784
040 _aJO-AjNU
_bara
_erda
_cJO-AjNU
041 _aara
050 1 4 _aBP170.8.G3588 1975
100 3 _aالغزالي، محمد,
_eauthor
_915150
245 0 0 _aهذا ديننا
250 _aط3
264 3 1 _aد.م: دار الكتب العلمية، 1975
300 _a216ص
336 _atext
_btxt
_2rdacontent
337 _aunmediated
_bn
_2rdamedia
338 _avolume
_bnc
_2rdacarrier
650 4 _aالاسلام- متفرقات
_915151
999 _aA4211
_c7779
_d7779